000 00301nam a22001337a 4500
008 190306b xxu||||| |||| 00| 0 eng d
020 _a2740282516438
041 _aeng
080 _a338
100 _a52
101 _aMNG
245 _aQuantitative Methods for Business
_cAnderson
942 _2udc
_cBK
999 _c54640
_d54640